|
|
แสดงรายละเอียดบรรณานุกรม |
|
|
Brief Record
: Get Marc (ISO 2709)
: E-mail record
: |
|
|
| LEADER 00000nama 2200000uu 4500 | |||
| 008 040531s|||| th m m a000 0 tha d | |||
| 020 978-974-7464-64-1 | |||
| 041 tha | |||
| 050 WE725 ร924 2550 | |||
| 100 ก่อกู้ เชียงทอง | |||
| 245 โรคกระดูกสันหลังเสื่อม =Degenerative diseases of the spine / บรรณาธิการ ก่อกู้ เชียงทอง และต่อพงษ์ บุญมาประเสริฐ. | |||
| 260 เชียงใหม่. คณะแพทยศาสตร์ มหาวิทยาลัยเชียงใหม่. 2550. | |||
| 300 301 หน้า. | |||
| 650 กระดูกสันหลัง,โรค. | |||
| 995 001 | |||
| คุณยังไม่ได้ล็อกอิน คุณสามารถมีกิจกรรมร่วมกับเว็บไซต์ได้ แต่ต้องล็อกอินก่อน :: |
|
| สถานะ | |||||||||
| 1. | หนังสือทั่วไป | WE725 ร924 2550 | On Shelf ขอยืม | ||||||
| 2. | หนังสือทั่วไป | WE725 ร924 2550 | On Shelf ขอยืม | ||||||
| 3. | หนังสือทั่วไป | WE725 ร924 2550 | On Shelf ขอยืม | ||||||
| [แสดง 3/3 รายการ] | |||||||||
BibComment |
| คอมเมนท์ทรัพยากรรายการนี้ |
|
|